| 000 | 00502nmc a2200193 a 4500 | ||
|---|---|---|---|
| 003 | AR-X00000XY | ||
| 005 | 20251128212015.0 | ||
| 008 | 117020s1960 ||||||||||||||000 | spa|| | ||
| 040 | _cAR-X00000XY | ||
| 100 | 1 | _aMaurois, André | |
| 245 | 1 | 0 | _aLe monde de Marcel Proust |
| 260 |
_aParis _bLibrairie Hachette _c1960 |
||
| 300 | 0 |
_a94 p. _bil., láms. |
|
| 490 | 0 |
_aTout par l'image _v31 |
|
| 655 | _aLITERATURA | ||
| 700 | 1 |
_aMay, Marie-Thérèse _ecolaborador |
|
| 942 | _cBK | ||
| 998 | _cmartin | ||
| 999 |
_c22041 _d22041 |
||